00916 a2200169 45000010006000000050017000060080041000230030015000640400040000790800032001192450054001512640080002053000019002855050391003041000025006957000026007205494620260407155824.0260407a1964 arg spa dAR-UNSa-BCEJYS aAR-UNSa-BCEJYSbspacAR-UNSa-BCEJYS a94:33xHistoria económica10aEl significado del siglo XXpLa gran transición 1aMéxico :bUnión Tipográfica Editorial Hispano-Americana (UTEHA)c1964 a204 p.c17 cm. aI. La gran transición - II. La ciencia como base de la gran transición - III. La importancia de las ciencias sociales - IV. La trampa de la guerra - V. El desarrollo económico: La difícil iniciación - VI. La trampa del aumento de población - VII. La trampa de la entropía - VIII. El papel de la ideología en la gran transición - IX. Una estrategia para la transición1 aBoulding, Kenneth E.1 aNavarro R., Francisco